[Event "Kupreichik Memorial Open 2018"]
[Site "Minsk"]
[Date "2018.06.21"]
[Round "3"]
[White "Girshgorn, Maria"]
[Black "Tsigelnitskiy, Ilusha"]
[Result "1/2-1/2"]
[WhiteElo "1805"]
[BlackElo "2253"]
[Annotator "NA"]
[PlyCount "107"]
[EventDate "2018.06.21"]
[EventCountry "BLR"]
[SourceTitle "playchess.com"]
[Source "ChessBase"]
[SourceQuality "1"]
[TimeControl "900+10"]

1. d4 {[%emt 0:00:00]} Nf6 {[%emt 0:00:02]} 2. Nf3 {[%emt 0:00:00]} c5 {[%emt 0:00:03]} 3. g3 {[%emt 0:00:00]} cxd4 {[%emt 0:00:15]} 4. Nxd4 {[%emt 0:00:00]} e5 {[%emt 0:00:15]} 5. Nf3 {[%emt 0:00:18]} e4 {[%emt 0:00:10]} 6. Nd4 {[%emt 0:00:02]} d5 {[%emt 0:00:08]} 7. Bg2 {[%emt 0:00:02]} Be7 {[%emt 0:00:26]} 8. O-O {[%emt 0:00:03]} O-O {[%emt 0:00:03]} 9. Bf4 {[%emt 0:00:15]} Nc6 {[%emt 0:00:16]} 10. Nc3 {[%emt 0:01:46]} Qb6 {[%emt 0:00:31]} 11. Ndb5 {[%emt 0:00:36]} Be6 {[%emt 0:02:35]} 12. Be3 {[%emt 0:01:39]} Qa5 {[%emt 0:01:02]} 13. h3 {[%emt 0:00:52]} Rac8 {[%emt 0:01:20]} 14. a3 {[%emt 0:00:19]} a6 {[%emt 0:00:34]} 15. Nd4 {[%emt 0:00:14]} Ne5 {[%emt 0:00:21]} 16. b4 {[%emt 0:01:07]} Qd8 {[%emt 0:00:59]} 17. Na4 {[%emt 0:00:18]} Nc4 {[%emt 0:00:26]} 18. Nxe6 {[%emt 0:00:07]} fxe6 {[%emt 0:00:22]} 19. Bc5 {[%emt 0:00:19]} b6 {[%emt 0:02:03]} 20. Bxe7 {[%emt 0:00:22]} Qxe7 {[%emt 0:00:02]} 21. e3 {[%emt 0:00:20]} Qc7 {[%emt 0:01:52]} 22. Qe2 {[%emt 0:00:32]} Nd7 {[%emt 0:00:17]} 23. Rfd1 {[%emt 0:04:52]} b5 {[%emt 0:00:14]} 24. Nc3 {[%emt 0:00:30]} Nb2 {[%emt 0:01:46]} 25. Nxd5 {[%emt 0:00:07]} exd5 {[%emt 0:00:04]} 26. Rxd5 {[%emt 0:00:02]} Nf6 {[%emt 0:00:53]} 27. Rd4 {[%emt 0:00:37]} Rfd8 {[%emt 0:01:04]} 28. Rxd8+ {[%emt 0:00:36]} Rxd8 {[%emt 0:00:03]} 29. g4 {[%emt 0:00:35]} h6 {[%emt 0:00:30]} 30. h4 {[%emt 0:00:45]} Qc3 {[%emt 0:00:16]} 31. g5 {[%emt 0:00:09]} Rd2 {[%emt 0:00:10]} 32. Qe1 {[%emt 0:00:02]} hxg5 {[%emt 0:00:20]} 33. hxg5 {[%emt 0:00:02]} Ng4 {[%emt 0:00:08]} 34. Bxe4 {[%emt 0:00:15]} Nxf2 {[%emt 0:00:14]} 35. Bg2 {[%emt 0:00:13]} Rxc2 {[%emt 0:00:37]} 36. Qxc3 {[%emt 0:00:08]} Rxc3 {[%emt 0:00:02]} 37. Kxf2 {[%emt 0:00:04]} Nc4 {[%emt 0:00:03]} 38. Bd5+ {[%emt 0:00:23]} Kh7 {[%emt 0:00:08]} 39. Bf7 {[%emt 0:00:39]} g6 {[%emt 0:00:06]} 40. Bxc4 {[%emt 0:00:02]} Rxc4 {[%emt 0:00:09]} 41. Kf3 {[%emt 0:00:13]} Kg7 {[%emt 0:00:06]} 42. e4 {[%emt 0:00:57]} Kf7 {[%emt 0:00:02]} 43. Kf4 {[%emt 0:00:07]} Ke6 {[%emt 0:00:03]} 44. Ra2 {[%emt 0:00:04]} Rc3 {[%emt 0:00:11]} 45. Ra1 {[%emt 0:00:03]} Rh3 {[%emt 0:00:20]} 46. a4 {[%emt 0:00:46]} Rh4+ {[%emt 0:00:07]} 47. Kf3 {[%emt 0:00:02]} Rh3+ {[%emt 0:00:25]} 48. Kf4 {[%emt 0:00:01]} Rb3 {[%emt 0:00:05]} 49. axb5 {[%emt 0:00:02]} axb5 50. Ra6+ {[%emt 0:00:01]} Kf7 {[%emt 0:00:07]} 51. Ra7+ {[%emt 0:00:04]} Ke6 {[%emt 0:00:03]} 52. Ra6+ {[%emt 0:00:01]} Kf7 {[%emt 0:00:01]} 53. Ra7+ {[%emt 0:00:03]} Ke6 {[%emt 0:00:03]} 54. Ra6+ {[%emt 0:00:02]} 1/2-1/2

[Event "Kupreichik Memorial Open 2018"]
[Site "Minsk"]
[Date "2018.06.21"]
[Round "3"]
[White "Stroganova, Karina"]
[Black "Beliuga, Mikhail"]
[Result "0-1"]
[WhiteElo "1776"]
[BlackElo "1699"]
[Annotator "NA"]
[PlyCount "92"]
[EventDate "2018.06.21"]
[EventCountry "BLR"]
[SourceTitle "playchess.com"]
[Source "ChessBase"]
[SourceQuality "1"]
[TimeControl "900+10"]

1. d4 {[%emt 0:00:00]} Nf6 {[%emt 0:00:00]} 2. Nf3 {[%emt 0:00:00]} e6 {[%emt 0:00:03]} 3. c4 {[%emt 0:00:00]} b6 {[%emt 0:00:01]} 4. g3 {[%emt 0:00:03]} Bb7 {[%emt 0:00:01]} 5. Bg2 {[%emt 0:00:02]} Be7 {[%emt 0:00:22]} 6. O-O {[%emt 0:00:09]} O-O {[%emt 0:00:07]} 7. Nc3 {[%emt 0:00:07]} d5 {[%emt 0:00:18]} 8. Ne5 {[%emt 0:00:57]} Nbd7 {[%emt 0:01:43]} 9. Qc2 {[%emt 0:01:58]} c5 {[%emt 0:01:19]} 10. e3 {[%emt 0:02:26]} a6 {[%emt 0:01:21]} 11. b3 {[%emt 0:00:32]} Rc8 {[%emt 0:00:33]} 12. Bb2 {[%emt 0:01:35]} Qc7 {[%emt 0:01:46]} 13. Rac1 {[%emt 0:00:49]} Rfd8 {[%emt 0:00:20]} 14. Rfd1 {[%emt 0:01:18]} dxc4 {[%emt 0:01:48]} 15. Nxc4 {[%emt 0:00:47]} Bxg2 {[%emt 0:00:21]} 16. Kxg2 {[%emt 0:00:01]} b5 {[%emt 0:00:32]} 17. Nd2 {[%emt 0:00:49]} cxd4 {[%emt 0:00:18]} 18. exd4 {[%emt 0:02:43]} b4 {[%emt 0:00:02]} 19. Qd3 {[%emt 0:00:55]} bxc3 {[%emt 0:00:28]} 20. Bxc3 {[%emt 0:00:04]} Qb7+ {[%emt 0:00:20]} 21. Kg1 {[%emt 0:00:09]} Nd5 {[%emt 0:00:23]} 22. Ba5 {[%emt 0:01:10]} Rxc1 {[%emt 0:00:22]} 23. Rxc1 {[%emt 0:00:02]} Rc8 {[%emt 0:00:02]} 24. Nc4 {[%emt 0:00:08]} Bb4 {[%emt 0:00:53]} 25. Bxb4 {[%emt 0:00:37]} Nxb4 {[%emt 0:00:25]} 26. Qd2 {[%emt 0:00:13]} Nd5 {[%emt 0:00:52]} 27. Re1 {[%emt 0:00:37]} Qb4 {[%emt 0:00:41]} 28. Qe2 {[%emt 0:00:12]} N5b6 {[%emt 0:02:04]} 29. Ne3 {[%emt 0:00:43]} Nf6 {[%emt 0:00:41]} 30. Rd1 {[%emt 0:00:18]} Qb5 {[%emt 0:00:15]} 31. Qf3 {[%emt 0:00:05]} Nbd5 {[%emt 0:00:05]} 32. Nc4 {[%emt 0:00:02]} Qb4 {[%emt 0:00:38]} 33. Rc1 {[%emt 0:00:13]} Nd7 {[%emt 0:00:33]} 34. a3 {[%emt 0:00:17]} Qe7 {[%emt 0:00:15]} 35. Re1 {[%emt 0:00:10]} N7b6 {[%emt 0:00:18]} 36. Ne5 {[%emt 0:00:16]} Rc3 {[%emt 0:00:04]} 37. Qe2 {[%emt 0:00:08]} Rxb3 {[%emt 0:00:15]} 38. Qxa6 Rxa3 {[%emt 0:00:06]} 39. Qb5 {[%emt 0:00:14]} h6 {[%emt 0:00:34]} 40. Nc6 {[%emt 0:00:10]} Qd7 {[%emt 0:00:14]} 41. Qb2 {[%emt 0:00:09]} Rc3 {[%emt 0:00:16]} 42. Ne5 {[%emt 0:00:03]} Qc7 {[%emt 0:00:08]} 43. Ra1 {[%emt 0:00:02]} Rc2 {[%emt 0:00:04]} 44. Qa3 {[%emt 0:00:05]} Qc3 {[%emt 0:00:11]} 45. Qd6 {[%emt 0:00:27]} Qxa1+ {[%emt 0:00:11]} 46. Kg2 {[%emt 0:00:01]} Qa8 {[%emt 0:00:15]} 0-1

[Event "Kupreichik Memorial Open 2018"]
[Site "Minsk"]
[Date "2018.06.21"]
[Round "3"]
[White "Papunidi, Matvey"]
[Black "Kuznetsov, Mikhail V"]
[Result "1-0"]
[WhiteElo "1751"]
[BlackElo "2162"]
[Annotator "NA"]
[PlyCount "95"]
[EventDate "2018.06.21"]
[EventCountry "BLR"]
[SourceTitle "playchess.com"]
[Source "ChessBase"]
[SourceQuality "1"]
[TimeControl "900+10"]

1. e4 {[%emt 0:00:00]} c5 {[%emt 0:00:00]} 2. Nf3 {[%emt 0:00:00]} Nf6 {[%emt 0:00:01]} 3. Nc3 {[%emt 0:00:21]} d5 {[%emt 0:00:02]} 4. e5 {[%emt 0:01:34]} Ne4 {[%emt 0:00:13]} 5. d4 {[%emt 0:00:03]} Nxc3 {[%emt 0:01:46]} 6. bxc3 {[%emt 0:00:01]} Nc6 {[%emt 0:00:35]} 7. Bb5 {[%emt 0:00:55]} Qa5 {[%emt 0:00:24]} 8. Bxc6+ {[%emt 0:00:19]} bxc6 {[%emt 0:00:03]} 9. Bd2 {[%emt 0:00:06]} e6 {[%emt 0:01:28]} 10. c4 {[%emt 0:00:38]} Qa6 {[%emt 0:00:22]} 11. cxd5 {[%emt 0:01:18]} cxd5 {[%emt 0:00:05]} 12. c3 {[%emt 0:00:02]} Bd7 {[%emt 0:00:31]} 13. Rb1 {[%emt 0:00:51]} Bb5 {[%emt 0:00:36]} 14. Qb3 {[%emt 0:00:30]} Bd3 {[%emt 0:00:42]} 15. Qb7 {[%emt 0:00:23]} Qxb7 {[%emt 0:00:51]} 16. Rxb7 {[%emt 0:00:01]} h6 {[%emt 0:01:05]} 17. Be3 {[%emt 0:01:19]} c4 {[%emt 0:00:03]} 18. Kd2 {[%emt 0:00:10]} Ba3 {[%emt 0:00:27]} 19. Ne1 {[%emt 0:00:08]} Be4 {[%emt 0:02:27]} 20. Nc2 {[%emt 0:00:36]} Be7 {[%emt 0:00:15]} 21. f3 {[%emt 0:00:07]} Bg6 {[%emt 0:00:10]} 22. Rhb1 {[%emt 0:00:15]} Bd8 {[%emt 0:00:49]} 23. Rb8 {[%emt 0:02:43]} Rxb8 {[%emt 0:00:03]} 24. Rxb8 {[%emt 0:00:03]} O-O {[%emt 0:02:01]} 25. Nb4 {[%emt 0:01:16]} Bb6 {[%emt 0:00:26]} 26. Rb7 {[%emt 0:00:09]} Rc8 {[%emt 0:00:13]} 27. Kc1 {[%emt 0:00:39]} Rc7 {[%emt 0:01:05]} 28. Rxc7 {[%emt 0:01:38]} Bxc7 {[%emt 0:00:02]} 29. Kb2 {[%emt 0:00:01]} f6 {[%emt 0:00:29]} 30. f4 {[%emt 0:00:01]} Be8 {[%emt 0:00:16]} 31. Na6 {[%emt 0:01:22]} Ba5 {[%emt 0:00:16]} 32. Nc5 {[%emt 0:00:53]} Kf7 {[%emt 0:00:09]} 33. Nb7 {[%emt 0:00:01]} Bc7 {[%emt 0:00:27]} 34. Nc5 {[%emt 0:00:45]} Ke7 {[%emt 0:00:14]} 35. Bd2 {[%emt 0:00:19]} Bb6 {[%emt 0:00:48]} 36. Na6 {[%emt 0:00:28]} Ba4 {[%emt 0:00:33]} 37. Ka3 {[%emt 0:00:30]} Bc2 {[%emt 0:00:13]} 38. Kb4 {[%emt 0:00:09]} Kf7 {[%emt 0:00:29]} 39. a4 {[%emt 0:00:16]} Kg6 {[%emt 0:00:07]} 40. a5 {[%emt 0:00:16]} Bd8 {[%emt 0:00:01]} 41. Kb5 {[%emt 0:00:14]} Kf5 {[%emt 0:00:05]} 42. Nc5 {[%emt 0:00:19]} Be4 {[%emt 0:00:12]} 43. Nb7 {[%emt 0:00:07]} Bxa5 {[%emt 0:00:27]} 44. Nd6+ {[%emt 0:00:18]} Kg4 {[%emt 0:00:17]} 45. Nxe4 {[%emt 0:00:04]} dxe4 {[%emt 0:00:19]} 46. Kxa5 {[%emt 0:00:03]} h5 {[%emt 0:00:19]} 47. d5 {[%emt 0:00:08]} fxe5 {[%emt 0:00:19]} 48. dxe6 {[%emt 0:00:05]} 1-0

[Event "Kupreichik Memorial Open 2018"]
[Site "Minsk"]
[Date "2018.06.21"]
[Round "3"]
[White "Korniichuk, Oleksandra"]
[Black "Aleksandrov, Aleksej"]
[Result "0-1"]
[WhiteElo "1740"]
[BlackElo "2597"]
[Annotator "TA"]
[PlyCount "58"]
[EventDate "2018.06.21"]
[EventCountry "BLR"]
[SourceTitle "playchess.com"]
[Source "ChessBase"]
[SourceQuality "1"]

{[%evp 11,58,6,6,-13,-11,-21,-23,-14,-10,-10,-14,-12,-18,-24,0,-23,-30,-45,-42,-51,-48,-109,-112,-397,-389,-409,-395,-463,-403,-626,-475,-472,-462,-472,-444,-525,-525,-658,-649,-663,-649,-781,-775,-888,-875,-952,-954,-952,-904]} 1. e4 e5 2. Nf3 Nc6 3. d4 exd4 4. c3 Nf6 {[%cal Bg8f6,Bf6d5,Bd5f4][%mdl 32]} 5. e5 Nd5 6. cxd4 d6 {LiveBook: 11 Games} 7. Be2 {C44: Ponziani Opening and Scotch Gambit} (7. Bb5 Be7 8. Nc3 Nxc3 9. bxc3 O-O 10. O-O Bg4 11. h3 Bh5 12. Re1 a6 13. Bd3 dxe5 14. dxe5 Kh8 15. Bf4 {1-0 (29) Lu,S (2533)-Bok,B (2591) Pune 2014}) 7... dxe5 8. dxe5 Bb4+ 9. Bd2 {Black has an edge.} Nf4 10. O-O $146 ({Predecessor:} 10. Bxb4 Qxd1+ 11. Bxd1 Nxb4 12. O-O Nfd3 13. Ba4+ Nc6 14. Bxc6+ bxc6 {1-0 (24) Pilipchuk,S-Grekh,K Ilichevsk 2000}) 10... Bxd2 11. Nbxd2 O-O 12. Re1 Bf5 13. Nb3 Qxd1 14. Bxd1 Rad8 $36 {[%mdl 2048] White is under pressure.} 15. Nc5 b6 16. Nb3 (16. Na6 $1 $15) 16... Rfe8 $17 17. Rc1 $2 {[%mdl 8192]} (17. Re3 $17 {keeps fighting.}) 17... Nd3 $1 $19 {[%csl LRb2,LRc1,LRe1,LRe5]} 18. Be2 {[#] Black must now prevent Bxd3.} Nxe1 19. Nxe1 Rxe5 20. Bf3 (20. Bf1 $142) 20... Nd4 {Black is clearly winning.} 21. Nxd4 Rxd4 22. h3 c5 23. g4 Be6 24. Bg2 Re2 25. Nf3 Rd8 26. Rb1 Bxa2 27. Ra1 Rxb2 28. Ne5 Rb1+ 29. Rxb1 Bxb1 {Precision: White = 20%, Black = 75%.} 0-1

[Event "Kupreichik Memorial Open 2018"]
[Site "Minsk"]
[Date "2018.06.21"]
[Round "3"]
[White "Zagorskii, Artem"]
[Black "Maslak, Alexander"]
[Result "1-0"]
[WhiteElo "1705"]
[BlackElo "2127"]
[Annotator "NA"]
[PlyCount "68"]
[EventDate "2018.06.21"]
[EventCountry "BLR"]
[SourceTitle "playchess.com"]
[Source "ChessBase"]
[SourceQuality "1"]
[TimeControl "900+10"]

1. e4 {[%emt 0:00:00]} c5 {[%emt 0:00:01]} 2. Nf3 {[%emt 0:00:00]} Nc6 {[%emt 0:00:02]} 3. d4 {[%emt 0:00:03]} cxd4 {[%emt 0:00:01]} 4. Nxd4 {[%emt 0:00:02]} Nf6 {[%emt 0:00:05]} 5. Nc3 {[%emt 0:00:05]} d6 {[%emt 0:00:01]} 6. Bg5 {[%emt 0:00:12]} e6 {[%emt 0:00:03]} 7. Qd3 {[%emt 0:00:17]} a6 {[%emt 0:00:26]} 8. O-O-O {[%emt 0:00:45]} Be7 {[%emt 0:02:17]} 9. f4 {[%emt 0:02:08]} h6 {[%emt 0:00:56]} 10. Bxf6 {[%emt 0:00:12]} gxf6 {[%emt 0:00:20]} 11. Be2 {[%emt 0:01:39]} h5 {[%emt 0:00:19]} 12. Bf3 {[%emt 0:00:44]} Nxd4 {[%emt 0:02:43]} 13. Qxd4 {[%emt 0:00:05]} Qc7 {[%emt 0:00:02]} 14. Rhe1 {[%emt 0:00:31]} Bd7 {[%emt 0:01:04]} 15. f5 {[%emt 0:00:21]} Rc8 {[%emt 0:01:06]} 16. Qd2 {[%emt 0:00:26]} b5 {[%emt 0:00:27]} 17. Ne2 {[%emt 0:04:14]} e5 {[%emt 0:03:31]} 18. h4 {[%emt 0:01:10]} b4 {[%emt 0:00:51]} 19. Kb1 {[%emt 0:00:20]} a5 {[%emt 0:00:05]} 20. Ng3 {[%emt 0:00:07]} Qb6 {[%emt 0:00:28]} 21. Nxh5 {[%emt 0:00:55]} a4 {[%emt 0:00:07]} 22. Rc1 {[%emt 0:00:29]} Rc3 {[%emt 0:00:58]} 23. Ng3 {[%emt 0:01:53]} Rxh4 {[%emt 0:00:05]} 24. Rh1 {[%emt 0:00:03]} Rxh1 {[%emt 0:00:06]} 25. Rxh1 {[%emt 0:00:02]} Kd8 {[%emt 0:00:44]} 26. Ne2 {[%emt 0:00:26]} Rc5 {[%emt 0:00:07]} 27. Rh7 {[%emt 0:00:27]} Be8 {[%emt 0:00:56]} 28. Bh5 {[%emt 0:00:06]} Qc6 {[%emt 0:00:10]} 29. Rh8 {[%emt 0:01:22]} Kd7 {[%emt 0:00:39]} 30. Bf3 {[%emt 0:00:35]} a3 {[%emt 0:00:37]} 31. b3 {[%emt 0:00:08]} Qb6 {[%emt 0:00:05]} 32. Ng3 {[%emt 0:00:14]} Rc3 {[%emt 0:00:13]} 33. Nh5 {[%emt 0:00:13]} Qg1+ {[%emt 0:00:39]} 34. Bd1 {[%emt 0:00:01]} Qh1 {time} 1-0

[Event "Kupreichik Memorial Open 2018"]
[Site "Minsk"]
[Date "2018.06.21"]
[Round "3"]
[White "Tsvetkova, Vladislava"]
[Black "Sarbay, Aleksandr"]
[Result "0-1"]
[WhiteElo "1697"]
[BlackElo "2183"]
[Annotator "NA"]
[PlyCount "132"]
[EventDate "2018.06.21"]
[EventCountry "BLR"]
[SourceTitle "playchess.com"]
[Source "ChessBase"]
[SourceQuality "1"]
[TimeControl "900+10"]

1. e4 {[%emt 0:00:00]} c5 {[%emt 0:00:00]} 2. Nf3 {[%emt 0:00:00]} Nc6 {[%emt 0:00:06]} 3. d4 {[%emt 0:00:00]} cxd4 {[%emt 0:00:01]} 4. Nxd4 {[%emt 0:00:00]} g6 {[%emt 0:00:01]} 5. Ne2 {[%emt 0:00:03]} Nf6 {[%emt 0:00:36]} 6. Nbc3 {[%emt 0:00:02]} Bg7 {[%emt 0:00:07]} 7. g3 {[%emt 0:00:02]} O-O {[%emt 0:00:17]} 8. Bg2 {[%emt 0:00:03]} d6 {[%emt 0:00:30]} 9. O-O {[%emt 0:00:05]} Ne5 {[%emt 0:01:01]} 10. Nd5 {[%emt 0:00:24]} Nxd5 {[%emt 0:00:27]} 11. exd5 {[%emt 0:00:04]} Bg4 {[%emt 0:00:19]} 12. c3 {[%emt 0:00:27]} Qd7 {[%emt 0:01:20]} 13. Be3 {[%emt 0:01:27]} Bh3 {[%emt 0:00:33]} 14. Bd4 {[%emt 0:02:05]} Bxg2 {[%emt 0:00:34]} 15. Kxg2 {[%emt 0:00:05]} Qf5 {[%emt 0:00:40]} 16. Nf4 {[%emt 0:00:35]} g5 {[%emt 0:01:24]} 17. Bxe5 {[%emt 0:02:04]} Bxe5 {[%emt 0:00:04]} 18. Nd3 {[%emt 0:00:08]} Bf6 {[%emt 0:01:21]} 19. Qf3 {[%emt 0:02:53]} Qg6 {[%emt 0:00:06]} 20. Rad1 {[%emt 0:00:33]} Kg7 {[%emt 0:00:11]} 21. Qe2 {[%emt 0:00:54]} h5 {[%emt 0:00:43]} 22. f4 {[%emt 0:00:11]} g4 {[%emt 0:01:57]} 23. f5 {[%emt 0:00:36]} Qg5 {[%emt 0:00:02]} 24. Rf4 {[%emt 0:02:14]} Rac8 {[%emt 0:01:27]} 25. Rh1 {[%emt 0:01:30]} b5 {[%emt 0:01:20]} 26. h3 {[%emt 0:01:13]} gxh3+ {[%emt 0:02:39]} 27. Rxh3 {[%emt 0:00:05]} Rh8 {[%emt 0:00:26]} 28. Rfh4 {[%emt 0:00:57]} Qxf5 {[%emt 0:00:08]} 29. Rxh5 {[%emt 0:00:05]} Qd7 {[%emt 0:01:05]} 30. Qe4 {[%emt 0:00:43]} Rxh5 {[%emt 0:00:09]} 31. Rxh5 {[%emt 0:00:03]} Rh8 {[%emt 0:00:02]} 32. Nf4 {[%emt 0:00:05]} Be5 {[%emt 0:00:28]} 33. Rxh8 {[%emt 0:00:38]} Kxh8 {[%emt 0:00:01]} 34. Nd3 {[%emt 0:00:02]} Bf6 {[%emt 0:00:24]} 35. Qe3 {[%emt 0:00:06]} Qf5 {[%emt 0:00:13]} 36. Nf4 {[%emt 0:00:04]} Bg5 {[%emt 0:00:07]} 37. Qf3 {[%emt 0:00:08]} Bxf4 {[%emt 0:00:06]} 38. Qxf4 {[%emt 0:00:06]} Qxd5+ {[%emt 0:00:01]} 39. Kh2 {[%emt 0:00:05]} Kg7 {[%emt 0:00:10]} 40. Qg4+ {[%emt 0:00:04]} Kf6 {[%emt 0:00:02]} 41. Qf4+ {[%emt 0:00:09]} Qf5 {[%emt 0:00:05]} 42. Qd4+ {[%emt 0:00:06]} Qe5 {[%emt 0:00:03]} 43. Qh4+ {[%emt 0:00:02]} Ke6 {[%emt 0:00:02]} 44. Qg4+ {[%emt 0:00:03]} Qf5 {[%emt 0:00:06]} 45. Qe2+ {[%emt 0:00:13]} Kd7 {[%emt 0:00:04]} 46. b3 {[%emt 0:00:21]} Qe5 {[%emt 0:00:05]} 47. Qf3 {[%emt 0:00:13]} Ke6 {[%emt 0:00:07]} 48. Qg4+ {[%emt 0:00:16]} Qf5 {[%emt 0:00:08]} 49. Qe2+ {[%emt 0:00:02]} Kd7 {[%emt 0:00:03]} 50. a4 {[%emt 0:00:25]} bxa4 {[%emt 0:00:04]} 51. bxa4 {[%emt 0:00:02]} a5 {[%emt 0:00:06]} 52. Qe3 {[%emt 0:00:16]} Qc5 {[%emt 0:00:09]} 53. Qf3 {[%emt 0:00:09]} f5 {[%emt 0:00:22]} 54. Qb7+ {[%emt 0:00:06]} Ke6 {[%emt 0:00:04]} 55. Qb3+ {[%emt 0:00:08]} Qd5 {[%emt 0:00:09]} 56. Qc2 {[%emt 0:00:16]} Qc4 {[%emt 0:00:07]} 57. Kh3 {[%emt 0:00:23]} d5 {[%emt 0:00:20]} 58. Qd1 {[%emt 0:00:25]} Qxc3 {[%emt 0:00:18]} 59. Qe2+ {[%emt 0:00:03]} Qe5 {[%emt 0:00:10]} 60. Qa6+ {[%emt 0:00:02]} Qd6 {[%emt 0:00:16]} 61. Qxa5 {[%emt 0:00:08]} d4 {[%emt 0:00:03]} 62. Qe1+ {[%emt 0:00:10]} Qe5 {[%emt 0:00:07]} 63. Qd2 {[%emt 0:00:10]} Qe3 {[%emt 0:00:24]} 64. Qa2+ {[%emt 0:00:24]} Kd6 {[%emt 0:00:04]} 65. a5 {[%emt 0:00:14]} f4 {[%emt 0:00:12]} 66. Qg2 {[%emt 0:00:12]} Qxg3+ 0-1

[Event "Kupreichik Memorial Open 2018"]
[Site "Minsk"]
[Date "2018.06.21"]
[Round "3"]
[White "Tarasenka, Aliaksandra"]
[Black "Shaban, Alena"]
[Result "0-1"]
[WhiteElo "1682"]
[BlackElo "2027"]
[Annotator "NA"]
[PlyCount "150"]
[EventDate "2018.06.21"]
[EventCountry "BLR"]
[SourceTitle "playchess.com"]
[Source "ChessBase"]
[SourceQuality "1"]
[TimeControl "900+10"]

1. c4 {[%emt 0:00:00]} e6 {[%emt 0:00:06]} 2. Nc3 {[%emt 0:00:00]} Nf6 {[%emt 0:00:02]} 3. d4 {[%emt 0:00:25]} d5 {[%emt 0:00:03]} 4. cxd5 {[%emt 0:00:11]} exd5 {[%emt 0:00:01]} 5. Bg5 {[%emt 0:00:05]} c6 {[%emt 0:00:11]} 6. e3 {[%emt 0:00:15]} Be7 {[%emt 0:01:28]} 7. Bd3 {[%emt 0:00:10]} O-O {[%emt 0:00:05]} 8. Nge2 {[%emt 0:00:08]} Ne4 {[%emt 0:01:10]} 9. Bf4 {[%emt 0:04:11]} f5 {[%emt 0:01:30]} 10. O-O {[%emt 0:00:46]} Nd7 {[%emt 0:00:52]} 11. f3 {[%emt 0:00:37]} Nxc3 {[%emt 0:00:18]} 12. Nxc3 {[%emt 0:02:02]} Nf6 {[%emt 0:02:05]} 13. Qc2 {[%emt 0:01:46]} Qd7 {[%emt 0:03:53]} 14. Rad1 {[%emt 0:00:46]} Qe6 {[%emt 0:00:16]} 15. Rfe1 {[%emt 0:00:20]} Nd7 {[%emt 0:00:36]} 16. Bg3 {[%emt 0:00:38]} Qf6 {[%emt 0:00:28]} 17. Bf2 {[%emt 0:00:46]} Bd6 {[%emt 0:00:32]} 18. h3 {[%emt 0:01:41]} Qh6 {[%emt 0:02:25]} 19. e4 {[%emt 0:02:53]} fxe4 {[%emt 0:00:24]} 20. fxe4 {[%emt 0:00:03]} Qh5 {[%emt 0:01:08]} 21. exd5 {[%emt 0:00:31]} cxd5 {[%emt 0:00:07]} 22. Nxd5 {[%emt 0:00:01]} Nf6 {[%emt 0:00:33]} 23. Ne3 {[%emt 0:00:23]} Bxh3 {[%emt 0:00:06]} 24. gxh3 {[%emt 0:00:09]} Qxh3 {[%emt 0:00:00]} 25. Ng2 {[%emt 0:00:04]} Bh2+ {[%emt 0:00:04]} 26. Kf1 {[%emt 0:00:02]} Ng4 {[%emt 0:00:04]} 27. Bf5 {[%emt 0:00:25]} Bg3 {[%emt 0:00:03]} 28. Bxg4 {[%emt 0:00:08]} Qxg4 {[%emt 0:00:04]} 29. Rd2 {[%emt 0:00:09]} Qh3 {[%emt 0:00:10]} 30. Qb3+ {[%emt 0:00:08]} Kh8 {[%emt 0:00:04]} 31. Re3 {[%emt 0:00:16]} Qh1+ {[%emt 0:00:14]} 32. Ke2 {[%emt 0:00:00]} Rxf2+ {[%emt 0:00:03]} 33. Kd3 {[%emt 0:00:03]} Rxd2+ {[%emt 0:00:03]} 34. Kxd2 {[%emt 0:00:02]} Qxg2+ {[%emt 0:00:04]} 35. Kd3 {[%emt 0:00:23]} Qf1+ {[%emt 0:00:06]} 36. Kc2 {[%emt 0:00:21]} Rc8+ {[%emt 0:00:06]} 37. Rc3 {[%emt 0:00:01]} Qe2+ {[%emt 0:00:03]} 38. Kb1 {[%emt 0:00:02]} Qe4+ {[%emt 0:00:10]} 39. Kc1 {[%emt 0:00:06]} Qe1+ {[%emt 0:00:10]} 40. Kc2 {[%emt 0:00:05]} Qe4+ {[%emt 0:00:02]} 41. Kc1 {[%emt 0:00:05]} Bf4+ {[%emt 0:00:01]} 42. Kd1 {[%emt 0:00:01]} Qb1+ {[%emt 0:00:09]} 43. Ke2 {[%emt 0:00:04]} Re8+ {[%emt 0:00:02]} 44. Kf3 {[%emt 0:00:15]} Qf1+ {[%emt 0:00:03]} 45. Kg4 {[%emt 0:00:02]} Bd6 {[%emt 0:00:25]} 46. Qd5 {[%emt 0:00:24]} Qf4+ {[%emt 0:00:13]} 47. Kh3 {[%emt 0:00:05]} Re3+ {[%emt 0:00:23]} 48. Rxe3 {[%emt 0:00:04]} Qxe3+ {[%emt 0:00:01]} 49. Kg2 {[%emt 0:00:04]} Qg3+ {[%emt 0:00:02]} 50. Kf1 {[%emt 0:00:01]} Qf4+ {[%emt 0:00:05]} 51. Ke2 {[%emt 0:00:08]} h6 {[%emt 0:00:16]} 52. Qxb7 {[%emt 0:00:14]} Qxd4 {[%emt 0:00:13]} 53. Qc8+ {[%emt 0:00:22]} Kh7 {[%emt 0:00:01]} 54. Qf5+ {[%emt 0:00:05]} Kg8 {[%emt 0:00:03]} 55. Qe6+ {[%emt 0:00:41]} Kf8 {[%emt 0:00:03]} 56. Qc8+ {[%emt 0:00:21]} Kf7 {[%emt 0:00:02]} 57. Qd7+ {[%emt 0:00:04]} Kf6 {[%emt 0:00:02]} 58. Qd8+ {[%emt 0:00:08]} Kg6 {[%emt 0:00:04]} 59. Qe8+ {[%emt 0:00:08]} Kg5 {[%emt 0:00:01]} 60. Qd8+ {[%emt 0:00:08]} Kh5 {[%emt 0:00:01]} 61. Qe8+ {[%emt 0:00:27]} g6 {[%emt 0:00:01]} 62. Kf3 {[%emt 0:00:07]} Qf4+ {[%emt 0:00:11]} 63. Kg2 {[%emt 0:00:02]} Qg3+ {[%emt 0:00:01]} 64. Kf1 {[%emt 0:00:01]} Qf3+ {[%emt 0:00:04]} 65. Kg1 {[%emt 0:00:20]} Bc5+ {[%emt 0:00:02]} 66. Kh2 {[%emt 0:00:08]} Qf2+ {[%emt 0:00:13]} 67. Kh3 {[%emt 0:00:07]} Qf3+ {[%emt 0:00:22]} 68. Kh2 {[%emt 0:00:04]} Bd6+ {[%emt 0:00:04]} 69. Kg1 {[%emt 0:00:02]} Bg3 {[%emt 0:00:12]} 70. Qb5+ {[%emt 0:00:20]} g5 {[%emt 0:00:05]} 71. Qc5 {[%emt 0:00:35]} Bf4 {[%emt 0:00:25]} 72. Qc8 {[%emt 0:00:07]} Be3+ {[%emt 0:00:07]} 73. Kh2 {[%emt 0:00:02]} Qf2+ {[%emt 0:00:05]} 74. Kh3 {[%emt 0:00:04]} Qf1+ {[%emt 0:00:06]} 75. Kh2 {[%emt 0:00:15]} Bf4# {[%emt 0:00:01]} 0-1